000 00622nam a2200205Ia 4500
003 LK-CoDNM
005 20241210120051.0
008 010623t2003 xxu||||| |||| 00| 1 eng d
040 _aLK-CoDNM
_dLK-CoDNM
_eLK-CoDNM
041 _aeng
080 _aRAS X 954.3
100 _aRasanayagam,Mudaliyar.C.
245 _aAncient Jaffna : Being a research in to the History of Jaffna from very early times to the Portuguese period
260 _bAsian Educational Services
_aNew Delhi
_c2003
300 _bxxiv, 90p. : ill , 22 cm
650 _aKings of Jaffna
650 _aNagas
650 _aSynchronisms
942 _cBK
999 _c122488
_d122488